The noble scholar, jurist, historian


 His Excellency Dr. Abdul Wahhab bin Ibrahim Abu Sulaiman, may Allah have mercy on him.


 He was born in Umm Al-Qura in the year 1356 AH.

الغيث المدرار والسر العمار فيما يتعلق بالنبي المختار المكتوب على صناديق النار : (Record no. 11655)

MARC details
000 -LEADER
fixed length control field 01293cam a2200265 i 4500
003 - CONTROL NUMBER IDENTIFIER
control field SA-RiAUC
005 - DATE AND TIME OF LATEST TRANSACTION
control field 20250913051240.0
008 - FIXED-LENGTH DATA ELEMENTS--GENERAL INFORMATION
fixed length control field 250912s2007 mr g 000 0 ara c
020 ## - INTERNATIONAL STANDARD BOOK NUMBER
International Standard Book Number 9789953814858
040 ## - CATALOGING SOURCE
Original cataloging agency SA-RiIMS
Language of cataloging ara
Transcribing agency SA-RiAUC
Description conventions rda
082 04 - DEWEY DECIMAL CLASSIFICATION NUMBER
Classification number 216.7
090 ## - LOCALLY ASSIGNED LC-TYPE CALL NUMBER (OCLC); LOCAL CALL NUMBER (RLIN)
Classification number (OCLC) (R) ; Classification number, CALL (RLIN) (NR) 216.7
Local cutter number (OCLC) ; Book number/undivided call number, CALL (RLIN) ك ت ا
100 1# - MAIN ENTRY--PERSONAL NAME
Personal name الكتاني، جعفر بن إدريس الحسني،
Dates associated with a name 1246-1323 هجري
Relator term مؤلف.
245 12 - TITLE STATEMENT
Title الغيث المدرار والسر العمار فيما يتعلق بالنبي المختار المكتوب على صناديق النار :
Remainder of title جرأة وجسارة من الفجار أعداء الله ورسوله الكفار /
Statement of responsibility, etc. جعفر بن إدريس الحسني الكتاني ؛ تحقيق وتعليق محمد بن عزوز.
250 ## - EDITION STATEMENT
Edition statement الطبعة الأولى.
264 #1 - PRODUCTION, PUBLICATION, DISTRIBUTION, MANUFACTURE, AND COPYRIGHT NOTICE
Place of production, publication, distribution, manufacture الدار البيضاء، المغرب :
Name of producer, publisher, distributor, manufacturer مركز التراث الثقافي المغربي،
Date of production, publication, distribution, manufacture, or copyright notice 2007.
300 ## - PHYSICAL DESCRIPTION
Extent 192 صفحة ؛
Dimensions 24 سم
336 ## - CONTENT TYPE
Content type term نص
Content type code txt
Source rdacontent
Materials specified كتاب
337 ## - MEDIA TYPE
Media type term بدون وسيط
Media type code n
Source rdamedia
338 ## - CARRIER TYPE
Carrier type term مجلد
Carrier type code nc
Source rdacarrier
650 #7 - SUBJECT ADDED ENTRY--TOPICAL TERM
Topical term or geographic name entry element السيرة النبوية
General subdivision دفع مطاعن
Source of heading or term aucsh
700 1# - ADDED ENTRY--PERSONAL NAME
Personal name بن عزوز، محمد
Relator term محقق.
942 ## - ADDED ENTRY ELEMENTS (KOHA)
Source of classification or shelving scheme Dewey Decimal Classification
Koha item type Books
Suppress in OPAC No
949 ## - LOCAL PROCESSING INFORMATION (OCLC)
a SA-JeALM
d 250912
u mohamedma123
n 1
Holdings
Withdrawn status Lost status Source of classification or shelving scheme Damaged status Not for loan Home library Current library Date acquired Total checkouts Full call number Barcode Date last seen Price effective from Koha item type
    Dewey Decimal Classification     DR AbdElwahab Library DR AbdElwahab Library 09/13/2025   216.7 ك ت ا 000018816 09/13/2025 09/13/2025 Books